| 000 | 00467nam a22001937a 4500 | ||
|---|---|---|---|
| 003 | bpm | ||
| 005 | 20260409112038.0 | ||
| 008 | 260409b |||||||| |||| 00| p spa d | ||
| 024 | _aS. C. C. / M. C. y E. M.: | ||
| 040 | _aAR-CtUCP | ||
| 041 | _aspa | ||
| 080 | _aCDU | ||
| 100 | _aAlmada Analía Inés y otros | ||
| 245 | _aLuces del alma | ||
| 260 |
_aItuzaingó _bGráfica fácil _c2011 |
||
| 650 | _aLiteratura - Poesía | ||
| 942 | _cLIB | ||
| 999 |
_c76628 _d76628 |
||